000 00391nam a2200157Ia 4500
008 240126s9999 xx 000 0 und d
022 _a02556-4602
041 _aEnglish
082 _aLIBRARY-XXI
245 0 _aIETE Technical Review (1997 -
260 _bIETE
_aDelhi
440 _aNULL
650 _aIETE,Review,(1997,-,Telecommunication
650 _aTelecommunication
942 _cJN
999 _c276376
_d276376